000 00834nam a2200229 i 4500
001 51938
003 ES-MaACL
005 20250815110835.0
007 t|
008 030821s1867 fr ||||1| fre d
100 1 _aDaubrée, Auguste.
_942793
245 1 0 _aRapport sur les progrés de la géologie experimentale /
_cpar A. Daubrée.
260 _aParis :
_b[s.n.],
_c1867 (
_fImp. Imperiale)
300 _a142 p. ;
_c26 cm.
490 1 _aRecueil de Rapports sur les progrés des lettres et des sciencies en France
500 _aPublication fu Ministère de L'Instruction Publique.
650 0 7 _aGeología
_2embne
_913086
830 0 _aRecueil de Rapports sur les progrés des lettres et des sciencies en France
_9230193
852 _aES-MaACL
_jG-6443
852 _aES-MaACL
_jT-1168-F-6
999 _c51938
_d51938